| 000 | 00532 a2200181 4500 | ||
|---|---|---|---|
| 020 | _a9780470072967 | ||
| 020 | _a0470072962 | ||
| 040 |
_aDLC _bDLC |
||
| 100 | 1 | _aLala, Parag K., | |
| 245 | 1 | 0 |
_aPrinciples of modern digital design _cParag K. Lala. |
| 260 |
_aHoboken, N.J. : _bWiley, _c2007. |
||
| 300 |
_axv, 419 p. : _bill. ; _c26 cm. + _e1 CD ROM |
||
| 500 | _aIncludes index. | ||
| 650 | 0 | _aLogic design. | |
| 650 | 0 |
_aLogic circuits _xDesign and construction. |
|
| 650 | 0 | _aDigital electronics. | |
| 942 |
_cBK _k621.395 LAL _2ddc |
||
| 999 |
_c10306 _d10306 |
||